| 000 | 00912nam a22002777a 4500 | ||
|---|---|---|---|
| 001 | 7561 | ||
| 003 | FISKH | ||
| 005 | 20250724100839.0 | ||
| 008 | 250724b cb ||||| |||| 00| 0 eng d | ||
| 020 | _a9781740898164 | ||
| 040 |
_aFISKH _beng _cFISKH _dFISKH |
||
| 050 | _aPZ7 | ||
| 082 | _a790 | ||
| 100 | _aCoupe , Roboert | ||
| 245 |
_aExtreme sports / _cBy Robert Coupe |
||
| 260 |
_aSydney : _bWeldon Owen Publishing , _c2008. |
||
| 300 |
_a32 pages : _bcolor illustrations ; _c23 cm . |
||
| 490 |
_aTop Readers _vStage 4 |
||
| 505 | _aK | ||
| 520 | _aExtreme sports include skydivers jumping out of planes, rock climbers climbing on cliffs and bungee jumpers falling from tall heights with strong cords to stop them from hitting the ground | ||
| 521 | 8 |
_a510
_bLexile estimate |
|
| 521 | 8 |
_aK
_bRaz-Plus |
|
| 650 |
_aSports _vNon-fiction |
||
| 942 |
_2ddc _cBK _n0 |
||
| 999 |
_c7561 _d7561 |
||